Princípy hospodárskej súťaže bakalárska práca

Saved in:
Bibliographic Details
Main Author: Trnčík, Martin
Corporate Author: Fakulta podnikového manažmentu EU. Katedra podnikovohospodárska
Other Authors: Kissová, Jana, 1979-
Format: Book
Language:Slovak
Published: Bratislava 2009
Tags: Add Tag
No Tags, Be the first to tag this record!

MARC

LEADER 00000nam$a2200000$$$4500
001 0102283
005 20240319130256.6
041 0 |a slo 
044 |a SK 
245 1 0 |a Princípy hospodárskej súťaže  |b bakalárska práca  |c Martin Trnčík ; škol. Jana Kissová 
264 1 |a Bratislava  |c 2009 
300 |a 43 s. 
100 1 |a Trnčík, Martin 
700 1 |a Kissová, Jana, 1979- 
710 2 |a Fakulta podnikového manažmentu EU. Katedra podnikovohospodárska